| 000 | 01033nam0a22002651 4500 | ||
|---|---|---|---|
| 001 | rc\565515 | ||
| 005 | 20030616170633.6 | ||
| 035 | _a(NLR Aleph) 005800350 | ||
| 090 |
_a5290139 _c5290139 |
||
| 100 | _a20030616d1987 u |0rusy50 ca | ||
| 101 | 0 | _arus | |
| 102 | _aRU | ||
| 105 | _ay ||||||||| | ||
| 200 | 1 |
_aГигиена окружающей среды и применение удобрений _fС.Я. Найштейн, Г.В. Меренюк, Г.Я. Чегринец _gОтв. ред. С.И. Тома _gАН МССР, Отд. микробиологии |
|
| 210 |
_aКишинев _cШтиинца _d1987 |
||
| 215 |
_a142, [2] с. _d20 |
||
| 320 | _aБиблиогр.: с. 132-143 | ||
| 700 | 1 |
_aНайштейн _bС. Я. _gСофья Яковлевна |
|
| 701 | 1 |
_aМеренюк _bГ. В. _gГеоргий Васильевич |
|
| 701 | 1 |
_aЧегринец _bГ. Я. _gГригорий Яковлевич |
|
| 801 | 0 |
_aRU _bNLR _gpsbo |
|
| 801 | 1 |
_aRU _bELAR _2rusmarc |
|
| 852 |
_aNLR _j87-3/7867 |
||
| 942 | _cBOOK | ||
| 980 | _aNB | ||